Catálogo

Vista normal Vista MARC

Entrada Personal Name

Número de registros utilizados en: 2

001 - CONTROL NUMBER

  • control field: 4204

003 - CONTROL NUMBER IDENTIFIER

  • control field: DLC

005 - DATE AND TIME OF LATEST TRANSACTION

  • control field: 20250313135105.0

008 - FIXED-LENGTH DATA ELEMENTS

  • fixed length control field: 920812n| acannaabn |a aaa

010 ## - LIBRARY OF CONGRESS CONTROL NUMBER

  • LC control number: n 92081367

035 ## - SYSTEM CONTROL NUMBER

  • System control number: (OCoLC)oca03221756

040 ## - CATALOGING SOURCE

  • Original cataloging agency: DLC
  • Language of cataloging: spa
  • Transcribing agency: Mx-PuUPA
  • Modifying agency: OCoLC
  • Modifying agency: Mx-PuUPA
  • Description conventions: rda

100 1# - HEADING--PERSONAL NAME

  • Personal name: Terán Bonilla, José Antonio,

370 ## - ASSOCIATED PLACE

  • Place of birth: Puebla, Puebla (México)

372 ## - FIELD OF ACTIVITY

  • Field of activity: Arquitectura
  • Field of activity: Investigación

373 ## - ASSOCIATED GROUP

  • Associated group: Universidad Autónoma de Puebla
  • Associated group: Universidad Nacional Autónoma de México
  • Associated group: Sistema Nacional de Investigadores
  • Associated group: Instituto Nacional de Antropología e Historia

374 ## - OCCUPATION

  • Occupation: Arquitecto
  • Occupation: Investigador
  • Occupation: Autor

375 ## - GENDER

  • Gender: hombre

377 ## - ASSOCIATED LANGUAGE

  • Language code: spa

400 1# - SEE FROM TRACING--PERSONAL NAME

  • Personal name: Bonilla, José Antonio Terán

400 1# - SEE FROM TRACING--PERSONAL NAME

  • Personal name: Terán, José Antonio

670 ## - SOURCE DATA FOUND

  • Source citation: His La extraña casa de San Luis Tehuiloyocan, 1991:
  • Information found: t.p. (José Antonio Terán Bonilla)

670 ## - SOURCE DATA FOUND

  • Source citation: El desarrollo de la fisonomía urbana del centro histórico de la ciudad de Puebla (1531-1994)